Movies By Clue #7 - Statistics

General Stats
  • This quiz has been taken 980 times
    973 since last reset
  • The average score is 12 of 23
Answer Stats
Hint Answer % Correct
Supercalifragilisticexpialidocious, Well Spoken Nanny, Floating Umbrella Mary Poppins
89%
Gene Wilder, Augustus Gloop, Oompa Loompas Charlie And The Chocolate Factory
79%
Cross Dressing, Nanny Care, Dude Looks Like A Lady Mrs. Doubtfire
77%
Ang Lee, Cowboy Buttsex, Jake Gyllenhaal Brokeback Mountain
74%
Head Spin, The Power Of Christ Compels You, Projectile Vomit The Exorcist
68%
Face Hugger, Chest Buster, Ripley Alien
63%
Sheep Pig, That'll Do Pig, Mischievous Duck Babe
63%
Seductive Teacher, Simon and Garfunkle, Dustin Hoffman The Graduate
63%
This Is Halloween, Pumpkin Jack, Santa Claus The Nightmare Before Christmas
62%
Tim Curry Showing Some Leg, Sweet Transvestite, Time Warp The Rocky Horror Picture Show
56%
No Mr Bond I Expect You To Die, Fort Knox, M16 Goldfinger
55%
Stella, Marlon Brando, Tennessee Williams A Streetcar Named Desire
54%
Oh Captain My Captain, Welton's, Carpe Diem Dead Poet's Society
52%
HAL 9000, John Strauss, Kubrick 2001: A Space Odyssey
51%
Hopper, Fat German Butterfly, Ants A Bug's Life
48%
That Escalated Quickly, I'm Kind Of A Big Deal, You Stay Classy San Diego Anchorman
48%
Hitchcock, Mount Rushmore, Plane Attack North By Northwest
37%
Come What May, Paris, Prostitutes Moulin Rouge
35%
South Africa, Michael Caine, Stop Chucking Those Spears At Me Zulu
30%
What A Story Mark, You Are Tearing Me Apart Lisa, Oh Hai Doggy The Room
24%
Silent Movie Star, Salome, I'm Ready For My Close Up Sunset Boulevard
19%
Russian Civil War, David Lean, Omar Shariff Doctor Zhivago
18%
Tender Trio, Rio Favelas, Lil' Ze City of God
13%
No matching quizzes found
Score Distribution
Percent of People with Each Score
Percentile by Number Answered
Your Score History
You have not taken this quiz since the last reset